000 00925nam a2200289Ia 4500
001 Para_6654
003 CHAP
008 220125s1983 xx 000 0 und d
010 _a205501
040 _cCHAP
090 _aPA FOLLETO 651
100 _aClarke, O. S.
_9171530
245 _aProblemas de protección de cultivos y estrategias de control para el Depatamento de Santa Cruz /
_c O.S. Clarke
260 _aSanta Cruz, Bolivia :
_b Centro de Investigación Agrícola Tropical
300 _a64 p.
440 _aDocumento de trabajo; 31
_9171531
650 _aControl biológico de plagas
_927587
650 _aCultivos
_x plagas
_930305
710 _aCentro de Investigación Agrícola Tropical (Bolivia)
_9171532
901 _aPA FOLLETO 651
902 _aA
905 _a0000001983 0000000000 00
910 _a1983
942 _cPARA
942 _cPARA
_d1
999 _c205501
_d205501